| 000 | 01289cam a22003615i 4500 | ||
|---|---|---|---|
| 999 |
_c28699 _d28670 |
||
| 001 | ocm63171038 | ||
| 003 | EG-ScBUE | ||
| 005 | 20200909133106.0 | ||
| 008 | 060119t20062006maua f b 001 0 eng d | ||
| 020 | _a1882982967 | ||
| 020 | _a9781882982967 | ||
| 035 | _a(OCoLC)ocm63171038 | ||
| 040 |
_aDLC _beng _erda _cDLC _dBAKER _dJHY _dEG-ScBUE |
||
| 082 | 0 | 4 |
_a378.121 _bBEM _222 |
| 100 | 1 |
_aBernstein, Daniel, _eauthor. |
|
| 245 | 0 | 0 |
_aMaking teaching and learning visible : _bcourse portfolios and the peer review of teaching / _cDaniel Bernstein, University of Kansas [and three other]. |
| 264 | 1 |
_aBolton, Massachusetts : _bAnker Publishing Company, INC., _c[2006] |
|
| 264 | 4 | _cc2006 | |
| 300 |
_axvii, 234 pages : _billustrations ; _c24 cm |
||
| 336 |
_atext _btxt _2rdacontent |
||
| 337 |
_aunmediated _bn _2rdamedia |
||
| 338 |
_avolume _bnc _2rdacarrier |
||
| 504 | _aIncludes bibliographical references and index. | ||
| 650 | 7 |
_aCollege teachers _xRating of. _2BUEsh |
|
| 650 | 7 |
_aCollege teaching. _2BUEsh |
|
| 650 | 7 |
_aPeer review. _2BUEsh |
|
| 650 | 7 |
_aPortfolios in education. _2BUEsh _936796 |
|
| 653 |
_bHHUUEENN _cSeptember2020 |
||
| 700 | 1 |
_aBurnett, Amy Nelson, _eauthor. |
|
| 700 | 1 |
_aGoodburn, Amy, _eauthor. |
|
| 700 | 1 |
_aSavory, Paul, _eauthor. |
|
| 942 |
_2ddc _cBB |
||